00830nam a2200241 a 450000100060000000300080000600500170001400800410003103500190007204000310009104100080012208200250013010000180015524501610017326000310033430000330036549000440039850400290044265000280047165000320049965000200053183000370055153323BD-RjUL20211209075938.0161005s1960 enka b 000 0 eng u a(BD-RjUL)53443 aCNCbengcBD-RjULdBD-RjUL aeng 223a345.08bNYJ 19601 aNyquist, Ola.10aJuvenile justice :ba comparative study with special reference to the Swedish Child Welfare Board and the California Juvenile Court System /cby Ola Nyquist aLondon :bMacmillan,c1960 axiii, 302 p. :bill ;c24 cm aCambridge studies in criminology,v12.  aBibliography: p. 267-302 0aJuvenile courtszSweden 0aJuvenile courtszCalifornia 0aJuvenile courts 0aCambridge studies in criminology